| 000 | 03029nam0a2200397 4500 | ||
|---|---|---|---|
| 001 | RU\NLR\BIBL_A\012900635 | ||
| 005 | 20230203151623.0 | ||
| 010 |
_a978-5-9035-4116-4 _9500 |
||
| 021 |
_aRU _bКН-П-22-053351 _9КН-П-22-4637 |
||
| 035 | _a(NLR Aleph) 012900635 | ||
| 035 | _a(RuMoRGB)011175097 | ||
| 090 |
_a12579469 _c12579469 |
||
| 100 | _a20221003d2022 k y0rusy50 ca | ||
| 101 | 0 | _arus | |
| 102 | _aRU | ||
| 105 | _aa z 000zy | ||
| 181 | 0 |
_ai _baxxe |
|
| 182 | 0 | _an | |
| 200 | 1 |
_aПсихология ценностных ориентаций этносов и этнофоров Северного Кавказа _e(на материале исследования народов Карачаево-Черкесии) _eмонография _fНакохова Рида Рашидовна |
|
| 203 |
_aТекст _bвизуальный _cнепосредственный |
||
| 205 | _a[Изд.] доп. и дораб. | ||
| 210 |
_aМосква _cЛинкор _d2022 |
||
| 215 |
_a396 с. _cцв. ил. _d22 |
||
| 320 | _aБиблиогр.: с. 375-396 (287 назв.) | ||
| 330 | _aВ книге рассмотрены ценностные ориентации этносов и этнофоров Северного Кавказа (абазин, карачаевцев, ногайцев, черкесов). Выявлены социально-психологические особенности, закономерности, условия развития, истоков формирования, детерминанты, структуры, динамика. Раскрыты и описаны механизмы и этапы развития ценностных ориентаций этносов и этнофоров в периоды кризисов общества. Выделены стабильные и динамичные элементы ценностных ориентаций этносов и этнофоров Северного Кавказа, которые в системе культурных связей и отношений имеют в основе системообразующий этноценностный компонент, определяющий условия их развития, направленность, характер активности личности этнофоров и обеспечивает целостность и единство этноса | ||
| 606 | 1 |
_aЭтническая психология _yКавказ Северный _2nlr_sh1 _2nlr_sh2 _3RU\NLR\AUTH\661325115 |
|
| 607 |
_aКавказ Северный _xНаселение _xОриентации ценностные _2nlr_sh2 _3RU\NLR\AUTH\6601717104 |
||
| 686 | 1 | _aС550.65 | |
| 686 | 1 | _aС550.25 | |
| 686 | 1 | _aС550.67 | |
| 686 | 1 | _aТ52(241)-75 | |
| 700 | 1 |
_aНакохова _bР.Р. _gРида Рашидовна _3RU\NLR\AUTH\7744339 |
|
| 942 | _cBOOK | ||
| 980 | _aNB | ||